000
00280nam a22001337a 4500
008
170531b xxu||||| |||| 00| 0 eng d
020
_a
0312174918
041
_a
eng
080
_a
93
100
_a
17
101
_a
SHH
245
_a
CRITICAL PATH
_c
KUROMIYA, K
942
_2
udc
_c
BK
999
_c
15171
_d
15171